Prezydenci III Rzeczpospolitej - Statystyki

Ogólne statystyki
  • Ten quiz został rozwiązany 571 razy
  • Średni wynik to 6 z 6
Statystyki odpowiedzi
Lata Władzy Imie i naziwsko prezydenta % Poprawnych
2015-2020 Andrzej Duda
99%
1990-1995 Lech Wałęsa
97%
2005-2010 Lech Kaczyński
95%
1995-2005 Aleksander Kwaśniewski
94%
2010-2015 Bronisław Komorowski
94%
1989-1990 Wojciech Jaruzelski
84%
Nie znaleziono quizów pasujących do podanych kryteriów
Rozkład punktacji
Procent ludzi z każdym wynikiem
Percentyl według liczby udzielonych odpowiedzi
Twoja historia wyników
Nie rozwiązałeś tego quizu